000 00750nam a2200217 a 4500
008 120416s1994 ||||||||||||||||| || u
020 _a0256154295
050 _aHD 31 Cof
100 _aCoffey, Robert E
245 1 0 _aManagement and organizational behavior
250 _a[1st ed.].
260 _aBurr Ridge, Ill.
_bIrwin
_c1994
300 _axxxiv, 636p. : ill
350 _a0.00
500 _aIncludes bibliographical references (p. 595-616) and index.
650 _aORGANIZATIONAL BEHAVIOUR
650 0 _aMANAGEMENT
700 _aCook, Curtis W
700 _aHunsaker, Phillip L
995 _D0.00
_FCBU-MAIN LIBRARY (Kitwe)
_H1
_I49.50
_M1
_UAVAILABLE
_ZMain Library Open Access Collection
999 _c49878
_d49878